000 00437pab a2200169 454500
008 180718b2015 xxu||||| |||| 00| 0 eng d
100 _aGuiso, Luigi
245 _aCorporate culture, societal culture, and institution
260 _c2015
300 _ap.336-339.
362 _aMay
650 _aCorporate culture
700 _aZingales, Luigi
700 _aSapienza, Paola
773 _aAmerican Economic Review
909 _a108235
999 _c108230
_d108230